[Event "HUN-chT2 Erkel 0607"]
[Site "Hungary"]
[Date "2007.02.18"]
[Round "5"]
[White "Botos, Jozsef"]
[Black "Barnak, Attila"]
[Result "0-1"]
[WhiteElo "2008"]
[BlackElo "2043"]
[PlyCount "148"]
[EventDate "2006.11.12"]
[EventType "team"]
[EventRounds "11"]
[EventCountry "HUN"]
[SourceTitle "EXT 2008"]
[Source "ChessBase"]
[SourceDate "2007.11.25"]
[SourceVersion "1"]
[SourceVersionDate "2007.11.25"]
[SourceQuality "1"]
[WhiteTeam "Dunaharaszti II"]
[BlackTeam "Foti"]
[WhiteTeamCountry "HUN"]
[BlackTeamCountry "HUN"]

1. Nf3 Nf6 2. d4 g6 3. Nbd2 Bg7 4. e4 d6 5. Bc4 0-0 6. 0-0 c5 7. c3 Qc7 8. Re1 cxd4 9. cxd4 Nc6 10. h3 Nd7 11. Nf1 Qb6 12. d5 Nce5 13. Nxe5 Nxe5 14. Bb3 Bd7 15. Be3 Qa6 16. Bd4 Rac8 17. f4 Nd3 18. Bxg7 Kxg7 19. Re3 Nxf4 20. Qd4+ f6 21. Ng3 Bb5 22. Kh2 Nd3 23. Ne2 Ne5 24. Nf4 Bd7 25. Rg1 Rc7 26. Rg3 Kh8 27. Nd3 Nxd3 28. Rxd3 Bb5 29. Rf3 Kg7 30. h4 Rfc8 31. h5 g5 32. Qb4 Be2 33. Re3 Bxh5 34. a3 Qb6 35. Qd2 Bg6 36. Rge1 Qb5 37. Kg3 Qd7 38. Kh2 Qg4 39. Qf2 Rc1 40. Qd2 Qh4+ 41. Kg1 Rxe1+ 42. Qxe1 Qf4 43. g3 Qe5 44. Qd2 g4 45. Bd1 h5 46. Be2 Rc5 47. Bd3 Qd4 48. Kg2 a5 49. Re1 Rb5 50. Re2 Rb3 51. Bb1 Qe5 52. Bd3 Qd4 53. Bb1 Qb6 54. Ba2 Rb5 55. Bc4 Rc5 56. Qd3 Qc7 57. Bb5 Rc1 58. Qe3 Rc2 59. Bd3 Rxe2+ 60. Bxe2 Qc2 61. Kf2 Bxe4 62. b4 axb4 63. axb4 Kg6 64. b5 Qc5 65. b6 Qxe3+ 66. Kxe3 Bxd5 67. Kd4 Bc6 68. Bc4 e5+ 69. Kc3 f5 70. Kb4 f4 71. gxf4 exf4 72. Be6 Kf6 73. Bg8 Ke5 74. Kc4 g3 0-1

[Event "HUN-chT2 Erkel 0607"]
[Site "Hungary"]
[Date "2006.11.12"]
[Round "1"]
[White "Barnak, Attila"]
[Black "Kanya, Zoltan"]
[Result "1-0"]
[WhiteElo "2043"]
[BlackElo "2060"]
[PlyCount "87"]
[EventDate "2006.11.12"]
[EventType "team"]
[EventRounds "11"]
[EventCountry "HUN"]
[SourceTitle "EXT 2008"]
[Source "ChessBase"]
[SourceDate "2007.11.25"]
[SourceVersion "1"]
[SourceVersionDate "2007.11.25"]
[SourceQuality "1"]
[WhiteTeam "Foti"]
[BlackTeam "Paszto"]
[WhiteTeamCountry "HUN"]
[BlackTeamCountry "HUN"]

1. d4 Nf6 2. c4 e5 3. d5 Bc5 4. e3 a5 5. Nc3 d6 6. Qc2 c6 7. Nf3 Na6 8. a3 cxd5 9. Nxd5 Nxd5 10. cxd5 Nc7 11. Nxe5 0-0 12. Nf3 Nxd5 13. Bd3 Nf6 14. 0-0 Bg4 15. Ng5 h6 16. Ne4 Rc8 17. Qa4 Bh5 18. Bd2 Nxe4 19. Bxe4 d5 20. Bf5 Ra8 21. Bc3 Qg5 22. Bh3 Be2 23. Rfe1 b5 24. Qc2 Bg4 25. Bxg4 Qxg4 26. Bxa5 Rfc8 27. Bc3 b4 28. axb4 Rxa1 29. Rxa1 Bd6 30. Qd2 Qc4 31. g3 Rb8 32. Rd1 Bxb4 33. Qxd5 Qe2 34. Qd4 Bf8 35. Qd3 Qf3 36. Qd5 Qe2 37. Kg2 Qc2 38. Qf3 Qg6 39. Rd4 f6 40. h3 Kh8 41. Ra4 Rd8 42. Ra8 Qd3 43. Bxf6 Rxa8 44. Qxa8 1-0

[Event "Budapest FS11 FM-A"]
[Site "Budapest"]
[Date "2006.11.09"]
[Round "6"]
[White "Zilahi, Gabor"]
[Black "Barnak, Attila"]
[Result "1-0"]
[WhiteElo "2059"]
[BlackElo "2043"]
[PlyCount "53"]
[EventDate "2006.11.04"]
[EventType "tourn"]
[EventRounds "9"]
[EventCountry "HUN"]
[SourceTitle "EXT 2007"]
[Source "ChessBase"]
[SourceDate "2006.11.23"]
[SourceVersion "1"]
[SourceVersionDate "2006.11.23"]
[SourceQuality "1"]

1. d4 d5 2. Bg5 c6 3. Nf3 Qb6 4. Qc1 Nd7 5. e3 Ngf6 6. c4 dxc4 7. Bxc4 e6 8. Nc3 Qb4 9. Bd3 c5 10. 0-0 a6 11. Qc2 cxd4 12. exd4 Be7 13. Rad1 h6 14. a3 Qa5 15. Bh4 Nb6 16. Rfe1 Bd7 17. Ne5 Bd6 18. Bxf6 gxf6 19. Nxd7 Nxd7 20. d5 e5 21. Bf5 Rg8 22. Ne4 Be7 23. d6 Bd8 24. Bxd7+ Kxd7 25. Nc5+ Ke8 26. Qh7 Rf8 27. Ne6 1-0

[Event "Budapest FS11 FM-A"]
[Site "Budapest"]
[Date "2006.11.04"]
[Round "1"]
[White "Kertesz, Zsolt"]
[Black "Barnak, Attila"]
[Result "1/2-1/2"]
[WhiteElo "2078"]
[BlackElo "2043"]
[PlyCount "76"]
[EventDate "2006.11.04"]
[EventType "tourn"]
[EventRounds "9"]
[EventCountry "HUN"]
[SourceTitle "EXT 2007"]
[Source "ChessBase"]
[SourceDate "2006.11.23"]
[SourceVersion "1"]
[SourceVersionDate "2006.11.23"]
[SourceQuality "1"]

1. e4 c6 2. d4 d5 3. exd5 cxd5 4. Bd3 Nc6 5. c3 Nf6 6. Bf4 Bg4 7. Qb3 Qd7 8. Nd2 e6 9. Ngf3 Bxf3 10. Nxf3 Rd8 11. 0-0 a6 12. Rfe1 Be7 13. Ne5 Nxe5 14. dxe5 Nh5 15. Be3 g6 16. Rad1 0-0 17. Be2 Ng7 18. c4 Nf5 19. cxd5 Nxe3 20. dxe6 Qxe6 21. Qxe3 Rxd1 22. Rxd1 Rd8 23. Rc1 Rc8 24. Rxc8+ Qxc8 25. Qc3 Qxc3 26. bxc3 Bc5 27. a4 a5 28. Bf3 b6 29. Bd5 g5 30. Kf1 Ba3 31. Ke2 Kg7 32. h3 h6 33. Kd3 f6 34. e6 f5 35. g4 fxg4 36. hxg4 Kf6 37. Ke4 Bc5 38. f3 Be7 1/2-1/2

[Event "HUN-chT2 Erkel 0506"]
[Site "Hungary"]
[Date "2006.03.19"]
[Round "9"]
[White "Barnak, Attila"]
[Black "Antal, Laszlo"]
[Result "0-1"]
[WhiteElo "2043"]
[BlackElo "2166"]
[PlyCount "86"]
[EventDate "2005.10.16"]
[EventType "team"]
[EventRounds "11"]
[EventCountry "HUN"]
[SourceTitle "EXT 2009"]
[Source "ChessBase"]
[SourceDate "2008.11.26"]
[SourceVersion "1"]
[SourceVersionDate "2008.11.26"]
[SourceQuality "1"]
[WhiteTeam "Foti"]
[BlackTeam "Fuzesabony"]
[WhiteTeamCountry "HUN"]
[BlackTeamCountry "HUN"]

1. d4 f5 2. c4 Nf6 3. Nc3 d6 4. Nf3 g6 5. g3 Bg7 6. Bg2 0-0 7. 0-0 Nc6 8. d5 Na5 9. Nd2 c5 10. Qc2 e5 11. a3 b6 12. b4 Nb7 13. b5 Qe7 14. e4 f4 15. Nf3 Nh5 16. Ne2 g5 17. h3 g4 18. hxg4 Bxg4 19. Nh2 Bxe2 20. Qxe2 fxg3 21. Qxh5 gxh2+ 22. Kxh2 Na5 23. Qe2 Qh4+ 24. Kg1 Nb3 25. Ra2 Rf6 26. Be3 Bh6 27. Bxh6 Rxh6 28. f3 Kh8 29. Qe3 Nd4 30. Qe1 Qh2+ 31. Kf2 Rg8 32. Rg1 Rhg6 33. Qf1 Rf8 34. Ke3 Rxf3+ 35. Bxf3 Qxa2 36. Rxg6 Qxa3+ 37. Qd3 Qxd3+ 38. Kxd3 hxg6 39. Bg4 Kg7 40. Ke3 Kh6 41. Bc8 Kg5 42. Bd7 Kh4 43. Kf2 Nb3 0-1

[Event "HUN-chT2 Erkel 0506"]
[Site "Hungary"]
[Date "2006.02.12"]
[Round "7"]
[White "Barnak, Attila"]
[Black "Takacs, Lajos"]
[Result "0-1"]
[WhiteElo "2043"]
[BlackElo "2237"]
[PlyCount "140"]
[EventDate "2005.10.16"]
[EventType "team"]
[EventRounds "11"]
[EventCountry "HUN"]
[SourceTitle "EXT 2009"]
[Source "ChessBase"]
[SourceDate "2008.11.26"]
[SourceVersion "1"]
[SourceVersionDate "2008.11.26"]
[SourceQuality "1"]
[WhiteTeam "Foti"]
[BlackTeam "Ujszasz"]
[WhiteTeamCountry "HUN"]
[BlackTeamCountry "HUN"]

1. d4 d5 2. c4 e6 3. Nc3 c6 4. cxd5 exd5 5. Nf3 Nf6 6. Bg5 h6 7. Bh4 Bb4 8. Qb3 Qd6 9. a3 Ba5 10. Bg3 Qe7 11. Qa4 Bb6 12. e3 0-0 13. Bd3 Be6 14. 0-0 Nbd7 15. Rac1 Nh5 16. Ne2 Bg4 17. h3 Bxf3 18. gxf3 Nxg3 19. Nxg3 Bc7 20. f4 g6 21. Qd1 f5 22. Qf3 Kh8 23. Kg2 Qh4 24. Ne2 Nf6 25. Qg3 Qh5 26. Qf3 Rae8 27. Qxh5 Nxh5 28. Ng3 Nxg3 29. Kxg3 g5 30. Kf3 gxf4 31. exf4 Bb6 32. Rce1 Bxd4 33. Rxe8 Rxe8 34. Bxf5 Bxb2 35. Rb1 Bxa3 36. Rxb7 Re7 37. Rxe7 Bxe7 38. Bd7 c5 39. Be6 d4 40. Bc4 Kg7 41. Ke4 Kf6 42. Ba6 Bd8 43. f5 Ba5 44. f3 Bd8 45. Kf4 Bc7+ 46. Ke4 Bg3 47. Bd3 a5 48. Kd5 a4 49. Kc4 Be1 50. Bc2 a3 51. Bb1 Bc3 52. Kb3 Bb2 53. Kc4 h5 54. Kb3 Ke5 55. Kc4 h4 56. Kb3 Kd5 57. Be4+ Kd6 58. Bb1 Ke5 59. Bd3 c4+ 60. Bxc4 Kxf5 61. Kc2 Kf4 62. Kd3 Kxf3 63. Be6 Bc3 64. Bg4+ Kg3 65. Be6 Kf2 66. Bd5 Ke1 67. Bb3 Bb2 68. Ba2 Kd1 69. Bb3+ Kc1 70. Ba2 Bc3 0-1